| 000 | 00675nam a2200193Ia 4500 | ||
|---|---|---|---|
| 003 | LDD | ||
| 008 | 190117s9999 xx 000 0 und d | ||
| 020 |
_a9788126318247 _c₹170 |
||
| 040 | _cLDD | ||
| 041 | _ahi | ||
| 082 | _a8H3.7 या79203खं | ||
| 100 | _aयात्री, से. रा. | ||
| 245 | 0 |
_aखंडित संवाद _cसे. रा. यात्री |
|
| 260 |
_aनई दिल्ली _bभारतीय ज्ञानपीठ _c2009 |
||
| 300 | _a199पृ. | ||
| 440 | _aलोकोदेय ग्रन्थमाला: रविन्द्र कालिया | ||
| 904 | _aReqst by : J.M. Parekh | ||
| 942 |
_2ddc _cH |
||
| 999 |
_c167660 _d167660 |
||